00354pab a2200121 454500008004000000100001900040245007900059260000900138300001100147362000900158650003500167773003000202180718b1988 xxu||||| |||| 00| 0 eng d aHarrigan, Jane aMalawibThe impact of pricing policy on small holder agriculture 1971 - 88 c1988 a415-33 aDec. aFarm Produce - Prices - Malawi aDevelopment Policy Review